Central Library OPAC University of Rajshahi

Environmental geology / (Record no. 72267)

MARC details
000 -LEADER
fixed length control field 00669nam a2200241 a 4500
001 - CONTROL NUMBER
control field 72267
003 - CONTROL NUMBER IDENTIFIER
rucl marc code BD-RjUL
005 - DATE AND TIME OF LATEST TRANSACTION
control field 20211209082235.0
008 - FIXED-LENGTH DATA ELEMENTS--GENERAL INFORMATION
fixed length control field 170516s1989 enka|||| |||| 001 0 eng d
020 ## - INTERNATIONAL STANDARD BOOK NUMBER
International Standard Book Number 069704386X
035 ## - SYSTEM CONTROL NUMBER
System control number (BD-RjUL)72484
040 ## - CATALOGING SOURCE
Original cataloging agency BD-RjUL
Language of cataloging eng
Transcribing agency BD-RjUL
Modifying agency BD-RjUL
041 ## - LANGUAGE CODE
Language code of text/sound track or separate title eng
082 ## - DEWEY DECIMAL CLASSIFICATION NUMBER
Edition number 23
Classification number 550
Author mark and year MOE 1989
100 1# - MAIN ENTRY--PERSONAL NAME
Personal name W Montgomery, Carla
9 (RLIN) 205229
245 10 - TITLE STATEMENT
Title Environmental geology /
Statement of responsibility, etc. Carla W Montgomery
250 ## - EDITION STATEMENT
Edition statement 2nd ed.
260 ## - PUBLICATION, DISTRIBUTION, ETC. (IMPRINT)
Place of publication, distribution, etc. Dubuque Iowa :
Name of publisher, distributor, etc. W.C. Brown, cop.,
Date of publication, distribution, etc. c1989.
300 ## - PHYSICAL DESCRIPTION
Pagination xix, 476 p. :
Illustrations ill. ;
Size 25 cm.
500 ## - GENERAL NOTE
General note Includes index
650 ## - SUBJECT ADDED ENTRY--TOPICAL TERM
Topical term or geographic name as entry element Environmental geology
9 (RLIN) 205230
942 ## - ADDED ENTRY ELEMENTS (KOHA)
Source of classification or shelving scheme Dewey Decimal Classification
Koha item type Books
Holdings
Lost status Source of classification or shelving scheme Damaged status Not for loan Collection code Permanent Location Current Location Shelving location Date acquired Source of acquisition Total Checkouts Full call number Date last seen Copy number Koha item type
  Dewey Decimal Classification   Not For Loan Non-fiction Central Library, University of Rajshahi Central Library, University of Rajshahi Reading Room 03/02/1993 Asia Foundation   550 MOE 1989 16/05/2017 C-1 Books